| 000 | 01219nam0a22002531 4500 | ||
|---|---|---|---|
| 001 | rc\842844 | ||
| 005 | 20260407140808.0 | ||
| 035 | _a(NLR Aleph) 006024094 | ||
| 090 |
_a7458925 _c7458925 |
||
| 100 | _a20041129d1983 |||y0rusy50 ca | ||
| 101 | 0 | _arus | |
| 102 | _aRU | ||
| 105 | _aa ||||||||| | ||
| 200 | 1 |
_aМетодические рекомендации по физике для учащихся-моряков IX класса вечерней (сменной) средней школы с заочной формой обучения _fМ-во мор. флота и др. _g[Т.А. Ильина, Я.М. Самовол] |
|
| 210 |
_aМ. _cВ/О "Мортехинформреклама" _d1983 |
||
| 215 |
_a94 с. _cил. _d20 |
||
| 300 | _aВ надзаг. также: Гл. упр. школ М-ва просвещения СССр, Упр. по работе с моряками загранплавания М-ва рыб. хоз-ва СССР | ||
| 702 | 1 |
_aИльина _bТ.А. _4220 |
|
| 712 | 0 | 1 |
_aСССР _bМинистерство морского флота _3RU\NLR\AUTH\8810007915 _9513534 |
| 801 | 0 |
_aRU _bNLR _gpsbo |
|
| 801 | 1 |
_aRU _bELAR _2rusmarc |
|
| 852 |
_aNLR _j84-4/282 |
||
| 942 | _cBOOK | ||
| 980 | _aNB | ||